00626nam a2200193Ia 450000500170000000800410001702000180005804000180007604100080009408200240010210000220012624501010014825000120024926000320026130000260029365000280031965000380034765000470038520220718145146.0210716s2014 xx 000 0 und d a9788126551392 cAIMIT LIBRARY aeng a005.76812 21bMURD aMurray, Daniel G. aTableau your data : bfast and easy visual analysis with tableau software /cBy Daniel G Murray. a1st ed. aNew Delhi :bWILEY ,c2014. axxiv, 504p. ;c23 cm. aConnecting to your data aBuilding your first visualization aCreating calculations to enhance your data